| 000 | 00359pab a2200145 454500 | ||
|---|---|---|---|
| 008 | 180718b1989 xxu||||| |||| 00| 0 eng d | ||
| 100 | _aHambleton, Robin | ||
| 245 | _aUrban government under Thatcher and reagan | ||
| 260 | _c1989 | ||
| 300 | _a359-88 | ||
| 362 | _aMar. | ||
| 650 | _aLocal Government | ||
| 773 | _aUrban Affairs Quarterly | ||
| 909 | _a12685 | ||
| 999 |
_c12685 _d12685 |
||